000 00772nam a2200253Ia 4500
003 OSt
005 20220926005430.0
006 a|||||r|||| 00| 0
007 ta
008 220923b |||||||| |||| 00| 0 eng d
020 _a8181284186
_c420.75
037 _b829, 03/01/2014, Pranami Book Service
_cGeneral Book
040 _aRTL
_cRTL
_beng
041 _2eng
_aeng
082 _aX:54.1, P4
100 _aGANDOLFO Giancarlo
_9129214
245 0 _aElements of international economics.
260 _a New Delhi
_bSpringer
_c2004
300 _axv,335p.
_ccm.
500 _aBibliography - 431-439p
650 _aCommerce
942 _hX:54.1, P4
_cGB
_2CC
999 _c613845
_d613845